|
|
|
|
| LEADER |
01032nam a22003012a 4500 |
| 001 |
001434562 |
| 003 |
CZ BrMZK |
| 005 |
20150512101816.0 |
| 007 |
ta |
| 008 |
141105s1956 xr er|||||||||||lat d |
| 015 |
|
|
|a cnb000722962
|z cnb000287240
|
| 035 |
|
|
|a (OCoLC)85453754
|
| 040 |
|
|
|a ABA001
|b cze
|d OLA001
|d BOA001
|
| 100 |
1 |
|
|a Poucha, Pavel,
|d 1905-1986
|7 jk01100816
|4 aut
|
| 245 |
1 |
0 |
|a Institutiones linguae Tocharicae.
|n Pars 2.,
|p Chrestomathia Tocharica /
|c Pavel Poucha
|
| 246 |
3 |
0 |
|a Chrestomathia Tocharica
|
| 250 |
|
|
|a 1. vyd.
|
| 260 |
|
|
|a Praha :
|b Státní pedagogické nakladatelství,
|c 1956
|
| 300 |
|
|
|a 44 s.
|
| 490 |
1 |
|
|a Monografie Archivu orientálního ;
|v sv. 15
|
| 504 |
|
|
|a Obsahuje bibliografii
|
| 650 |
0 |
7 |
|a tocharština
|7 ph126675
|2 czenas
|
| 650 |
0 |
7 |
|a mrtvé jazyky
|7 ph254502
|2 czenas
|
| 830 |
|
0 |
|a Monografie Archivu orientálního
|0 s
|
| 910 |
|
|
|a BOA001
|b 2-0358.602
|
| 990 |
|
|
|a BK
|
| 991 |
|
|
|b 201411
|
| 996 |
6 |
|
|b 2618929827
|c 2-0358.602
|l MZK
|r Sklad / do 24 hodin
|n 0
|w 001469097
|u 000010
|a 1
|e BOA001
|j MZK50
|s P
|